000 00898nam2a2200241 4500
001 rc\3022132
005 20260315064723.0
035 _a(NLR Aleph) 007163998
090 _a13619365
_c13619365
100 _a20110928d1936 u y0rusy50 ca
101 0 _arus
102 _aRU
105 _aa z |||||
200 0 _a2. Ч. 2
210 _d1936
215 _aОбл., 39 с.
_cграф.
320 _aБиблиогр.: "Литература" (18 назв.)
461 0 _1001rc\3022129
_12000#$aПереводы материалов$eСборник I-$v2. Ч. 2
_97277900
_aМеждународный конгресс химиков-кожевников (1935 ; Брюссель)
_c[Москва]
_d1935
_nБ. и.
_oСборник I-
_tПереводы материалов
_v2. Ч. 2
801 0 _aRU
_bNLR
_gpsbo
801 1 _aRU
_bELAR
_2rusmarc
852 _aNLR
_j35-19/247(1)
942 _cUNSPEC
980 _aNB